Freud and psychoanalysis

Bibliographic Details
Main Author: Stevens, Richard
Format: Book
Published: Buckingham : University Press , 1983
Subjects:

MARC

LEADER 00000cam a2200000 7i4500
001 0000002644
002 000002872
005 20000330.0
020 |a 0335101801 
090 0 0 |a 150.1952   |b STE 
100 1 |a Stevens, Richard 
245 1 0 |a Freud and psychoanalysis   |c Richard Stevens 
260 |a Buckingham :   |b University Press ,   |c 1983 
300 |a 177p. ;   |c 22cm. 
650 0 0 |a Freud   |x Sigmund 
999 |a 036058   |b BUKU   |c PINJAMAN   |e PERPUSTAKAAN KOMUNITI PETALING JAYA